00505nam a2200169Ia 450000500170000000800410001704000190005804100120007708200160008910000210010524500520012626000420017830000120022050400500023265000430028285000100032520221216111116.0131103s9999 xx 000 0 und d aLoreto College aEnglish a812.09bPOR aPorter,Thomas E. aMyth and modern American dramacThomas E.Porter aDetroitbWayne State Universityc1969 a286 p.  aIncludes bibliographical references and index aAmerican Drama - History and Criticism aLCLIB